Science Quiz

Random Science or Discovery Quiz

Clickable Scientific Discoveries Quiz Stats

Quiz Updated Jul 15, 2015

Challenge
Share
Tweet
Embed
Score 0/24 Timer 06:00
2 Plays Today
% Correct
Albert Einstein
85.7%
Sir Isaac Newton
85.3%
Marie Skłodowska-Curie, Pierre Curie
80.6%
Edmond Halley
76.3%
F.H. Crick, James D. Watson
72.8%
Ivan Pavlov
71.1%
Alexander Fleming
67.9%
Gregor Mendel
67.5%
Louis Pasteur
62.2%
Edwin P. Hubble
55.4%
Wilhelm K. Roentgen
49.2%
Johannes Kepler
47.5%
% Correct
Galileo Galilei
39.7%
Ernest Rutherford
36.2%
James Van Allen
34.3%
Walter Reed
28.7%
Anton van Leeuwenhoek
28.3%
William Harvey
25.7%
Robert Hooke
24.9%
Sir Frederick G. Banting and Charles H. Best
24.5%
Joseph Priestley, Carl Scheele
22%
Sir Joseph J. Thomson
20.3%
James Chadwick
19.9%
Christian Huygens
16.6%

You're not logged in!

Compare scores with friends on all Sporcle quizzes.
Sign Up with Email
OR
Log In

You Might Also Like...

Show Comments

Extras

Top Quizzes Today


Score Distribution

Your Account Isn't Verified!

In order to create a playlist on Sporcle, you need to verify the email address you used during registration. Go to your Sporcle Settings to finish the process.